00433nam a2200121Ia 4500008004100000024005600041082001800097100007000115245004200185260002500227600002100252650003800273250506s9999 xx 000 0 und d a15B-009-CS, 15B-001-CS, 15B-062-CS & 15B-063-CS a005.12072 ARS aArsalan Akhter, Mohib Ahmed, Muhammad Rizwan & Mustajab Abbas Ali 0aVoice Sentiments Analysis (CODE BOOK) aKarachi:bUIT,c2015 aComputer Science aBachelor of Computer Science (BS)